Life, Music, Action!/ (Record no. 216319)
[ view plain ]
| 000 -LEADER | |
|---|---|
| fixed length control field | 00515nam a22001817a 4500 |
| 005 - DATE AND TIME OF LATEST TRANSACTION | |
| control field | 20260520170623.0 |
| 010 ## - LCCN (DPL NO) | |
| LC control number | ENG-148567 |
| 020 ## - INTERNATIONAL STANDARD BOOK NUMBER | |
| International Standard Book Number | 9789350450994 |
| Terms of availability | 250.00 |
| 035 ## - SYSTEM CONTROL NUMBER | |
| System control number | EN-132099 |
| 037 ## - SOURCE OF ACQUISITION | |
| Source of stock number/acquisition | DBAD |
| 082 ## - DEWEY DECIMAL CLASSIFICATION NUMBER | |
| Classification number | N |
| 100 ## - MAIN ENTRY--PERSONAL NAME | |
| Personal name | Banerji, Anindita |
| 245 ## - TITLE STATEMENT | |
| Title | Life, Music, Action!/ |
| Statement of responsibility, etc | Anindita Banerji |
| 260 ## - PUBLICATION, DISTRIBUTION, ETC. (IMPRINT) | |
| Place of publication, distribution, etc | Calcutta |
| Name of publisher, distributor, etc | Writers Workshop |
| Date of publication, distribution, etc | 2015 |
| 270 ## - ADDRESS | |
| Address | 162/92, Lake Gardens |
| City | Calcutta |
| Postal code | 700045 |
| Electronic mail address | www.writersworkshopindia.com |
| 300 ## - PHYSICAL DESCRIPTION | |
| Extent | 127p. |
| Dimensions | 22cm(Hb) |
| 942 ## - ADDED ENTRY ELEMENTS (KOHA) | |
| Source of classification or shelving scheme | Dewey Decimal Classification |
| Item type | English Books |
| Call number suffix | BAN |
| Classification part | N |
| Withdrawn status | Lost status | Not for loan | Collection code | Home library | Current library | Date acquired | Source of acquisition | Cost, normal purchase price | Full call number | Barcode | Copy number | Cost, replacement price | Koha item type |
|---|---|---|---|---|---|---|---|---|---|---|---|---|---|
| Fiction | Tri Nagar | D.B.Act.Division | 20/05/2026 | Delivery of Books Act Division | 250.00 | BAN N | EN-132099 | 1 | 250.00 | English Books |
